000 00238nam a22000857a 4500
008 160716b xxu||||| |||| 00| 0 eng d
100 _92960
_a Dumas, A
245 _aThe Count of Monte Cristo
260 _aUSA
_b Trident Press International
_c2001
999 _c2524
_d2524